Szczegóły MARC21

Wielki słownik polsko-rosyjski = Pol'sko-russkij slovar' /

005 -DATA I CZAS OSTATNIEJ MODYFIKACJI [,]
    • @
    • pole kontrolne
    • 20100810082634.0
020 -Międzynarod. znormalizowany nr książki - ISBN [ , ]
    • a
    • Numer ISBN
    • 9788301158293 Find
040 -Instytucja sporządzająca opis [ , ]
    • a
    • Instytucja, która sporządziła opis (NP)
    • SZCZ U/BK
    • c
    • Instytucja, która sporządziła rekord (NP)
    • SZCZ U/KLR
    • d
    • Instytucja, która zmodyfikowała rekord (P)
    • SZCZ U/MS
041 -Język dokumentu [0, ]
    • a
    • Język tekstu (P)
    • polski
    • a
    • Język tekstu (P)
    • rosyjski
044 -Kraj miejsca wydania [ , ]
    • a
    • Kraj miejsca wydania
    • Polska
942 -Rodzaj dokumentu [ , ]
    • c
    • Rodzaj dokumentu
    • Książka
245 -Strefa tytułu i oznaczenia odpowiedzialności [0,0]
    • a
    • Tytuł
    • Wielki słownik polsko-rosyjski = Find
    • b
    • Ciąg dalszy tytułu (NP)
    • Pol'sko-russkij slovar' / Find
    • c
    • Pozostałe elementy strefy tytułu i oznaczenia odpowiedzialności (NP)
    • Jan Wawrzyńczyk [i in.] ; red. nacz. Jan Wawrzyńczyk.
246 -Wariant tytułu [3,1]
    • a
    • Tytuł (NP)
    • Pol'sko-russkij slovar'
260 -Strefa adresu wydawniczego [ , ]
    • a
    • Miejsce wydania (P)
    • Warszawa :
    • b
    • Nazwa wydawcy (P)
    • Wydawnictwo Naukowe PWN,
    • c
    • Data wydania (P)
    • 2009.
300 -Strefa opisu fizycznego [ , ]
    • a
    • Określenie formy książki i/lub objętość (NP)
    • 922 s. ;
    • c
    • Format (NP)
    • 27 cm.
080 -Uniwersalna Klasyfikacja Dziesiętna [ , ]
    • 2
    • Identyfikator wydania tablic
    • UDC-P058
    • 9
    • UKD
    • 10764
    • a
    • Symbol klasyfikacji
    • 811.162.1::811.161.1]'374
    • b
    • Dopowiedzenie
    • Słownik polsko-rosyjski.
980 -Symbol UKD [ , ]
    • a
    • UKD
    • 811.162.1::811.161.1]'374
700 -Hasło dodatkowe - nazwa osobowa [1, ]
    • 9
    • KHW
    • 15566
    • a
    • Nazwa osobowa (NP)
    • Wawrzyńczyk, Jan Find
    • d
    • Daty biograficzne (NP)
    • (1944- ).
    • e
    • Określenie rodzaju współpracy
    • Red.
920 -ISBN [ , ]
    • a
    • ISBN
    • 978-83-01-15829-3 Find
Data inwentaryzacji Lokalizacja Uwagi nie widoczne w OPAC Status udost. Sygnatura Numer inwentarzowy
2010-07-14BGpodr.słow.dwujęz.1Z.114450Słow.dwujęzZ.114450